La europa del siglo XVIII (Record no. 4122)

MARC details
000 -CABECERA
campo de control de longitud fija 00748nam a2200229 a 4500
001 - NÚMERO DE CONTROL
campo de control BRCA_4413
005 - FECHA Y HORA DE LA ÚLTIMA TRANSACCIÓN
campo de control 20190320204649.0
008 - DATOS DE LONGITUD FIJA--INFORMACIÓN GENERAL
campo de control de longitud fija 170810s1968----mx-b######---#000-0#spa-#
041 ## - CÓDIGO DE LENGUA
Código de lengua del texto/banda sonora o título independiente spa
050 #4 - SIGNATURA TOPOGRÁFICA DE LA BIBLIOTECA DEL CONGRESO
Número de documento/Ítem A53 1968
100 1# - ENTRADA PRINCIPAL--NOMBRE DE PERSONA
Nombre de persona Anderson, M. S.
9 (RLIN) 11209
245 10 - MENCIÓN DE TÍTULO
Título La europa del siglo XVIII
Resto del título (1713-1789)
Mención de responsabilidad, etc. M. S. Anderson ; traducción Ricardo Haas.
300 ## - DESCRIPCIÓN FÍSICA
Extensión 245 p.
Otras características físicas il. mapas
Dimensiones 17 cm.
440 #0 - MENCIÓN DE SERIE/PUNTO DE ACCESO ADICIONAL--TÍTULO
Título Breviarios del Fondo de Cultura Económica
Designación de volumen o secuencia 199
9 (RLIN) 11210
500 ## - NOTA GENERAL
Nota general Traducción de: 18th Century Europe 1713-1789
500 ## - NOTA GENERAL
Nota general Colección Sonia Corcuera de Mancera
504 ## - NOTA DE BIBLIOGRAFÍA, ETC.
Nota de bibliografía, etc. Bibliografía: p. 234-241
651 #4 - PUNTO DE ACCESO ADICIONAL DE MATERIA--NOMBRE GEOGRÁFICO
Nombre geográfico Europa
Subdivisión general Historia
Subdivisión cronológica Siglo XVIII
9 (RLIN) 11211
700 1# - PUNTO DE ACCESO ADICIONAL--NOMBRE DE PERSONA
Nombre de persona Haas, Ricardo
Término indicativo de función/relación tr.
9 (RLIN) 11212
902 ## - CATALOGADOR
Iniciales DSC
942 ## - ELEMENTOS DE PUNTO DE ACCESO ADICIONAL (KOHA)
Fuente del sistema de clasificación o colocación Library of Congress Classification
Tipo de ítem Koha Libros
Holdings
Estado de retiro Estado de pérdida Estado dañado No para préstamo Localización permanente Ubicación/localización actual Fecha de adquisición Total de préstamos Signatura topográfica completa Código de barras Fecha visto por última vez Precio válido a partir de Tipo de ítem Koha
El ejemplar forma parte de la colección y puede ser consultado según las políticas vigentes.       Biblioteca del Museo Franz Mayer (Rogerio Casas-Alatriste) Biblioteca del Museo Franz Mayer (Rogerio Casas-Alatriste) 17/08/2010   A53 1968 DSC00108 22/03/2019 22/03/2019 Libros